Meilleures universités du monde selon le classement de Shangaï - Statistiques

Statistiques générales
  • Ce quiz a été pris 22 fois
  • Le résultat moyen est 8 sur 20
Statistiques - réponses
Classement Pays Réponse % Correct
6 🇬🇧 University of Oxford
100%
1 🇺🇸 Harvard University
95%
4 🇬🇧 University of Cambridge
91%
3 🇺🇸 Massachusetts Institute of Technology
77%
11 🇺🇸 Yale University
59%
2 🇺🇸 Stanford University
55%
13 🇫🇷 Université Paris-Saclay
55%
7 🇺🇸 Princeton University
50%
8 🇺🇸 Columbia University
45%
14 🇬🇧 University College London
45%
5 🇺🇸 University of California, Berkeley
32%
9 🇺🇸 California Institute of Technology
18%
10 🇺🇸 University of Chicago
18%
17 🇺🇸 University of Washington
14%
16 🇺🇸 University of California, Los Angeles
9%
15 🇺🇸 University of Pennsylvania
9%
12 🇺🇸 Cornell University
5%
18 🇨🇳 Tsinghua University
5%
19 🇺🇸 Johns Hopkins University
0%
20 🇺🇸 University of California, San Diego
0%
Aucun quiz correspondant
Distribution des résultats
% des personnes avec chaque résultat
Percentile par nombre de réponses
Votre historique - résultats
Vous n’avez pas pris ce quiz